Länder, die Moskau am Nächsten liegen - Statistiken

Allgemein
  • Dieses Quiz wurde 151 mal gespielt
  • Das Durchschnittsergebnis liegt bei 16 aus 18
Antwortstatistiken
km Staat % Korrekt
451 Ukraine
100%
401 Belarus
98%
779 Finnland
98%
921 Polen
98%
643 Estland
96%
587 Lettland
96%
682 Litauen
95%
1137 Schweden
94%
1321 Ungarn
94%
1509 Deutschland
93%
1113 Rumänien
92%
1260 Slowakei
92%
1432 Tschechien
89%
1039 Moldawien
86%
1478 Bulgarien
84%
1366 Georgien
83%
886 Kasachstan
80%
1410 Dänemark
68%
Keine übereinstimmenden Quizze gefunden
Verteilung der Resultate
Anzahl Personen mit jedem Resultat
Perzentil nach korrekt beantworteten Fragen
Ihre Resultats-Entwicklung
Sie haben dieses Quiz noch nicht gespielt